1250 1359 1532 1959 1277 1034 1089 1332 1553 1008 1182 1932 1590 1738 1870 1305 1687 1427 1343 1076 1450 1046 1776 1112 1956 1887 1301 1087 1414 1671 1036 1402 1639 1942 1214 1602 1129 1203 1028 1232 1437 1122 1938 1629 1034 1635 1275 1794 1866 1896 1753 1744 1147 1787 1263 1160 1139 1438 1493 1429 1367 1598 1100 1557 1126 1046 1952 1762 1738 1275 1568 1702 1719 1784 1208 1739 1276 1217 1728 1343 1227 1735 1180 1277 1044 1920 1988 1319 1762 1917 1316 1545 1993 1969 1537 1575 1702 1942 1806 BCNSPRNW ULIB Ver.6.0+V

เปลี่ยนเป็นภาษาไทย

Change to English
 แสดงรายละเอียดบรรณานุกรม
  กลับหน้าหลัก

Brief Record : Get Marc (ISO 2709) : E-mail record : QR code < ปิดหน้าต่าง
LEADER : 00000nas 2200000uu 4500
001    13399123698
003     ULIB
008    020711s2000 th a 000 0 tha d
022    9781582550831
060    WY39^bD611
245    Diseases
260     ^bม.ป.ท.,^c2000
945    ^p0^l0^i014687
รายการนี้ยังไม่มีแท็ก
คุณยังไม่ได้ล็อกอิน คุณสามารถมีกิจกรรมร่วมกับเว็บไซต์ได้ แต่ต้องล็อกอินก่อน ::
  ล็อกอิน

รายการสื่อสารสนเทศ (วารสาร)

ดูแบบ: กล่อง รายการ
ARRIVED
ฉ.1
สถานที่: ห้องสมุดวิทยาเขตสวรรค์ประชารักษ์ >หนังสือทั่วไป
รายการใกล้เคียง
    ชื่อเรื่อง [Diseases]

BibComment


ยังไม่เคยถูกคอมเมนท์

คอมเมนท์ทรัพยากรรายการนี้
  คอมเมนท์: Diseases


 Copyright 2026. Bcnsprnw @Library